00609nam a22002055a 450000500170000000800410001701000170005802000260007502000230010103500130012403700130013704000080015008200080015810000210016624500580018725000060024526000640025127000550031530000330037020181213130651.0080520s2008 nyu 000 0 eng  aENG-97369  a9788177096576c360.00 a8177096575c360.00 aEN-80902 bDBAD/PUB aDPL a510 aDas Gupta, Asit  aProblems plus in IIT mathematics /cby Asit Das Gupta a. aNew DelhibBharati Bhawan (Publishers & Distributors)c2010 a4227/3, Ansari Road, Daryaganj,bNew Delhie110002 aVarious pagingsb27cm. (pbk)